000 00310nam a22001337a 4500
008 170810b xxu||||| |||| 00| 0 eng d
020 _a9780764543791
041 _aeng
080 _a004
100 _a35
101 _aSHKI
245 _aPROFESSIONAL SQL SERVER 2000 PROGRAMMING
_cVIEIRA, R
942 _2udc
_cBK
999 _c23089
_d23089